000 00466pab a2200181 454500
008 180718b2011 xxu||||| |||| 00| 0 eng d
100 _aLingam, Lakshmi
245 _aReproductive rights and exclusionary wrongs: Maternity benefits
260 _c2011
300 _ap.94-103.
362 _a22 Oct
650 _aWomens studies
650 _aWomen
700 _aYelamanchili, Vaidehi
773 _aEconomic and Political Weekly
908 _aN
909 _a94081
999 _c94081
_d94081